ADVERTISEMENT AND CONSUMER (Record no. 16022)
[ view plain ]
| 000 -LEADER | |
|---|---|
| fixed length control field | 00359nam a2200133Ia 4500 |
| 008 - FIXED-LENGTH DATA ELEMENTS--GENERAL INFORMATION | |
| fixed length control field | 240624s9999 xx 000 0 und d |
| 041 ## - LANGUAGE CODE | |
| Language code of text/sound track or separate title | eng |
| 082 ## - DEWEY DECIMAL CLASSIFICATION NUMBER | |
| Classification number | 659.1 MEH |
| 100 ## - MAIN ENTRY--PERSONAL NAME | |
| Personal name | MEHTA BASANT |
| 245 ## - TITLE STATEMENT | |
| Title | ADVERTISEMENT AND CONSUMER |
| 260 ## - PUBLICATION, DISTRIBUTION, ETC. | |
| Date of publication, distribution, etc. | 2010 |
| Place of publication, distribution, etc. | New Delhi |
| Name of publisher, distributor, etc. | Discovery Publishing House Pvt.Ltd. |
| 300 ## - PHYSICAL DESCRIPTION | |
| Extent | v, : 275 : p. : cm. ; 22 |
| 365 ## - TRADE PRICE | |
| Currency code | RS |
| Price amount | 20 |
| Withdrawn status | Lost status | Damaged status | Not for loan | Home library | Current library | Shelving location | Date acquired | Source of acquisition | Cost, normal purchase price | Full call number | Barcode | Date last seen | Copy number | Price effective from | Koha item type |
|---|---|---|---|---|---|---|---|---|---|---|---|---|---|---|---|
| IMTN | IMTN | Rack 35-B | 12/15/2010 | WBD | 850.00 | 659.1 MEH | 16022 | 06/24/2024 | 1 | 06/24/2024 | Books |